[Event "Hoogeveen Open 2016"]
[Site "Hoogeveen"]
[Date "2016.10.16"]
[Round "2.21"]
[White "Mijnheer, Peter"]
[Black "Okkes, Menno"]
[Result "0-1"]
[WhiteElo "2137"]
[BlackElo "2322"]
[PlyCount "90"]
[EventDate "2016.??.??"]

1. d4 Nf6 2. c4 e6 3. Nc3 Bb4 4. e3 b6 5. Nge2 c5 6. a3 Ba5 7. Rb1 Na6 8. g3
Bb7 9. d5 b5 10. Bg2 bxc4 11. e4 exd5 12. exd5 O-O 13. O-O d6 14. Bg5 h6 15.
Bxf6 Qxf6 16. Qa4 Bb6 17. Qxc4 Nc7 18. Rfd1 Rae8 19. Ne4 Qd8 20. N2c3 f5 21.
Nd2 Qf6 22. Na4 Re7 23. Nxb6 axb6 24. a4 Ba6 25. Qc3 Qf7 26. Nc4 Bxc4 27. Qxc4
f4 28. Rd2 Qe8 29. Rdd1 b5 30. axb5 Nxb5 31. Bh3 Nd4 32. Be6+ Kh8 33. Rxd4 cxd4
34. Qxd4 Rc7 35. b4 Qg6 36. Ra1 fxg3 37. hxg3 Qh5 38. Kg2 Qf3+ 39. Kg1 Rc2 40.
Rf1 Qf6 41. Qb6 Qe5 42. b5 Rb2 43. Kg2 Kh7 44. Kg1 Rf3 45. Kh1 Rxg3 0-1

[Event "Hoogeveen Open 2016"]
[Site "Hoogeveen"]
[Date "2016.10.16"]
[Round "2.22"]
[White "Schoppen, Casper"]
[Black "Van Randtwijk, Mick"]
[Result "1-0"]
[WhiteElo "2304"]
[BlackElo "1932"]
[PlyCount "95"]
[EventDate "2016.??.??"]

1. d4 Nf6 2. c4 e6 3. Nf3 b6 4. g3 Ba6 5. b3 Bb4+ 6. Bd2 Be7 7. Bg2 d5 8. O-O
O-O 9. Ne5 c6 10. Bc3 Nfd7 11. Nxd7 Nxd7 12. Nd2 Rc8 13. e4 b5 14. Re1 bxc4 15.
bxc4 Nb6 16. c5 Nd7 17. e5 Bd3 18. Nf1 Bg6 19. Ne3 f6 20. exf6 Bxf6 21. Qd2 e5
22. dxe5 Bxe5 23. Ng4 Bxc3 24. Qxc3 h5 25. Ne5 Qf6 26. f4 Rce8 27. Qd4 Kh7 28.
Nf3 Qxd4+ 29. Nxd4 Nxc5 30. Nxc6 Rxe1+ 31. Rxe1 Be4 32. Bxe4+ Nxe4 33. Nb4 Nc3
34. Re5 Kh6 35. Nxd5 Nxa2 36. Re6+ Kh7 37. Ra6 Rd8 38. Ne3 Rd3 39. Nf5 Rd1+ 40.
Kg2 Rd2+ 41. Kh3 g6 42. Rxa7+ Kh8 43. Nh4 Nc3 44. Nxg6+ Kg8 45. Kh4 Rxh2+ 46.
Kg5 Ne4+ 47. Kh6 Nxg3 48. Rg7# 1-0

[Event "Hoogeveen Open 2016"]
[Site "Hoogeveen"]
[Date "2016.10.16"]
[Round "2.23"]
[White "De Vries, Bram"]
[Black "Hulshof, Peter"]
[Result "1/2-1/2"]
[WhiteElo "1984"]
[BlackElo "2223"]
[PlyCount "54"]
[EventDate "2016.??.??"]

1. d4 g6 2. e4 Bg7 3. h4 d5 4. e5 h5 5. c4 c6 6. Nc3 Nh6 7. Bg5 O-O 8. cxd5
cxd5 9. Qb3 Nc6 10. Qxd5 Be6 11. Qxd8 Rfxd8 12. O-O-O Rxd4 13. Rxd4 Nxd4 14.
Nge2 Nxe2+ 15. Bxe2 Nf5 16. Bf4 Rc8 17. Bd3 Bxa2 18. Bxf5 gxf5 19. Rd1 Be6 20.
Kb1 Kf8 21. Ne2 f6 22. Nd4 Kf7 23. Re1 fxe5 24. Bxe5 Bxe5 25. Rxe5 Bd7 26. Rd5
Rc7 27. Nb5 Bxb5 1/2-1/2

[Event "Hoogeveen Open 2016"]
[Site "Hoogeveen"]
[Date "2016.10.16"]
[Round "2.24"]
[White "Otte, Marijn"]
[Black "Bekedam, Tyro"]
[Result "0-1"]
[WhiteElo "2213"]
[BlackElo "2069"]
[PlyCount "80"]
[EventDate "2016.??.??"]

1. e4 c6 2. d4 d5 3. e5 Bf5 4. Nd2 e6 5. Nb3 Nd7 6. Nf3 Ne7 7. Be2 Qc7 8. O-O
f6 9. exf6 gxf6 10. Nh4 O-O-O 11. Nxf5 Nxf5 12. Bg4 Ng7 13. Qe2 f5 14. Bh3 h5
15. c4 dxc4 16. Qxc4 Bd6 17. f4 h4 18. Nc5 Nb6 19. Qe2 Rh6 20. b4 Nd5 21. b5
Nc3 22. Qc4 Bxc5 23. dxc5 Ne4 24. Bb2 Nd2 25. Qa4 cxb5 26. Qxa7 Ne8 27. Be5 Qc6
28. Rfd1 Rd5 29. a4 bxa4 30. Rxa4 Nf3+ 31. gxf3 Rxd1+ 32. Kf2 Rd3 33. Bg2 Rg6
34. Bh1 h3 35. Rb4 Nc7 36. Ke2 Qd5 37. Rb2 Rg2+ 38. Bxg2 hxg2 39. c6 Qxf3+ 40.
Ke1 Rd1# 0-1

[Event "Hoogeveen Open 2016"]
[Site "Hoogeveen"]
[Date "2016.10.16"]
[Round "2.25"]
[White "Pieters, Minko"]
[Black "Karavade, Eesha"]
[Result "0-1"]
[WhiteElo "1954"]
[BlackElo "2421"]
[PlyCount "53"]
[EventDate "2016.??.??"]

1. d4 Nf6 2. c4 g6 3. Nc3 d5 4. cxd5 Nxd5 5. e4 Nxc3 6. bxc3 Bg7 7. Qa4+ Nd7 8.
Be3 O-O 9. Bd3 Nc5 10. Qc4 Nxd3+ 11. Qxd3 c5 12. Ne2 cxd4 13. cxd4 Qa5+ 14. Bd2
Qa4 15. Qb3 Qa6 16. Rc1 Bd7 17. Rc7 Bb5 18. Nc3 Bd3 19. e5 Rfc8 20. Rxe7 Bc4
21. Qxb7 Bf8 22. Rxf7 Rab8 23. Qxa6 Bxa6 24. Rxa7 Bd3 25. e6 Bb4 26. Nd1 Rc2
27. Bxb4 0-1

[Event "Hoogeveen Open 2016"]
[Site "Hoogeveen"]
[Date "2016.10.16"]
[Round "2.26"]
[White "Grant, Jonathan I M"]
[Black "Van der Raaf, Erik"]
[Result "1-0"]
[WhiteElo "2223"]
[BlackElo "2117"]
[PlyCount "33"]
[EventDate "2016.??.??"]

1. c4 c6 2. g3 d5 3. Nf3 Nf6 4. Bg2 dxc4 5. a4 g6 6. Na3 c3 7. bxc3 Bg7 8. O-O
Qa5 9. Nc4 Qh5 10. Ba3 Bh3 11. Qb3 b6 12. Bxh3 Qxh3 13. Ng5 Qd7 14. Nxb6 axb6
15. Qxf7+ Kd8 16. Qxg7 Rg8 17. Qf7 1-0

[Event "Hoogeveen Open"]
[Site "Hoogeveen, Netherlands"]
[Date "2016.10.16"]
[Round "2.27"]
[White "Vardan Nagpal"]
[Black "Vroombout, Enrico"]
[Result "1-0"]
[WhiteElo "2117"]
[BlackElo "2190"]
[PlyCount "61"]
[EventDate "2016.??.??"]

1. d4 Nf6 2. c4 g6 3. Nc3 Bg7 4. e4 d6 5. f3 O-O 6. Nge2 e5 7. Be3 c6 8. Qd2
Nbd7 9. O-O-O a6 10. Kb1 b5 11. d5 b4 12. Na4 cxd5 13. cxd5 a5 14. Nc1 Ne8 15.
g4 Kh8 16. Bd3 Ba6 17. Bxa6 Rxa6 18. h4 f5 19. gxf5 gxf5 20. Rdg1 f4 21. Bf2
Bf6 22. h5 Nc7 23. Qe2 Qb8 24. Nd3 Qb7 25. b3 Nb5 26. Rc1 Rg8 27. Ndb2 Raa8 28.
Nc4 Rg2 29. Qf1 Rgg8 30. Ncb6 Nxb6 31. Qxb5 1-0

[Event "Hoogeveen Open"]
[Site "Hoogeveen, Netherlands"]
[Date "2016.10.16"]
[Round "2.28"]
[White "Nguyen, Kevin"]
[Black "Boersma, Jan"]
[Result "1-0"]
[WhiteElo "2185"]
[BlackElo "2099"]
[PlyCount "101"]
[EventDate "2016.??.??"]

1. e4 c5 2. Nc3 g6 3. g3 Bg7 4. Bg2 Nc6 5. d3 d6 6. f4 e6 7. Nf3 Nge7 8. O-O
O-O 9. Qe1 Nd4 10. Qf2 Rb8 11. Be3 Nec6 12. Nd1 b5 13. Nh4 Ne7 14. c3 Ndc6 15.
f5 exf5 16. exf5 gxf5 17. Bg5 f6 18. Bf4 Ne5 19. Qe2 Bb7 20. Ne3 Bxg2 21. Kxg2
Qd7 22. Qh5 Nxd3 23. Nexf5 Nxf4+ 24. Rxf4 Nxf5 25. Nxf5 Rf7 26. Rh4 Bf8 27. Rf1
Re8 28. Rff4 Kh8 29. Kh3 Re5 30. Qg6 Qe6 31. Rfg4 Rc7 32. Rh5 Rg7 33. Nxg7
Rxh5+ 34. Qxh5 Bxg7 35. b4 Bf8 36. a3 a6 37. Kh4 Qa2 38. h3 Qd2 39. Rf4 Qxc3
40. Qf7 Bh6 41. Qxf6+ Qxf6+ 42. Rxf6 cxb4 43. axb4 Bd2 44. Rxd6 Bxb4 45. Rxa6
Bc3 46. Rb6 b4 47. Rb7 Kg8 48. Kh5 Be1 49. g4 Bc3 50. Kh6 Bd2+ 51. g5 1-0

[Event "Hoogeveen Open 2016"]
[Site "Hoogeveen"]
[Date "2016.10.16"]
[Round "2.29"]
[White "Eck, Mathias"]
[Black "Keetman, Maaike"]
[Result "1/2-1/2"]
[WhiteElo "2082"]
[BlackElo "2174"]
[PlyCount "61"]
[EventDate "2016.??.??"]

1. c4 g6 2. Nf3 Bg7 3. g3 c5 4. Bg2 Nc6 5. O-O d6 6. Nc3 e5 7. a3 Nge7 8. Ne1
Be6 9. Nd5 Rb8 10. d3 O-O 11. Rb1 b5 12. Nxe7+ Nxe7 13. cxb5 Rxb5 14. Nf3 Bb3
15. Qe1 a5 16. Nd2 Bc2 17. Ra1 d5 18. Nb1 Bb3 19. Bg5 f6 20. Nc3 Rb8 21. Bd2 a4
22. Qc1 f5 23. Bh6 Bxh6 24. Qxh6 d4 25. Nb1 $11 Bd5 26. Bxd5+ Qxd5 27. Qc1 Qb3
28. Qxc5 Qxb2 29. Qc4+ Kg7 30. Ra2 Qb3 31. Nd2 1/2-1/2

[Event "Hoogeveen Open 2016"]
[Site "Hoogeveen"]
[Date "2016.10.16"]
[Round "2.30"]
[White "Schoehuijs, Erik"]
[Black "Dushyant Sharma"]
[Result "0-1"]
[WhiteElo "2169"]
[BlackElo "2039"]
[PlyCount "38"]
[EventDate "2016.??.??"]

1. d4 Nf6 2. c4 e6 3. Nc3 Bb4 4. Qc2 Nc6 5. Nf3 d6 6. g3 e5 7. dxe5 dxe5 8. Bg5
h6 9. Bxf6 Qxf6 10. Bg2 Bf5 11. Qc1 Nd4 12. Kf1 c6 13. Nd2 O-O 14. Nde4 Qg6 15.
h3 Be6 16. Nd2 Rad8 17. b3 Nxe2 18. Nxe2 Rxd2 19. Bf3 Qd3 0-1

[Event "Hoogeveen Open 2016"]
[Site "Hoogeveen"]
[Date "2016.10.16"]
[Round "2.31"]
[White "De Boer, Eelke"]
[Black "Clemens, Adrian"]
[Result "0-1"]
[WhiteElo "2018"]
[BlackElo "2162"]
[PlyCount "0"]
[EventDate "2016.??.??"]

1. e4 c5 2. Nf3 Nc6 3. d4 cxd4 4. Nxd4 e5 5. Nb5 d6 6. N1c3 a6 7. Na3 Be7 8.
Nd5 Nf6 9. Be3 Nxd5 10. exd5 Nd4 11. Bd3 O-O 12. O-O Nf5 13. Bd2 Nh4 14. Nc4 f5
15. f4 exf4 16. Ba5 Qe8 17. Rxf4 Bd8 18. Bxd8 Qxd8 19. a4 Ng6 20. Rf1 Ne5 21.
a5 Nxc4 22. Bxc4 Qc7 23. Qd4 Bd7 24. Bd3 Rae8 25. b4 Re5 26. Rae1 Rfe8 27. Rxe5
Rxe5 28. c4 Qd8 29. c5 Qe7 30. Bc4 Re4 31. Qd3 Kh8 32. Kh1 dxc5 33. d6 Qe5 34.
bxc5 Rd4 35. Qb3 Qxc5 36. Be6 Qxd6 37. Bxd7 Qxd7 38. h3 Rd5 39. Qb4 h6 40. Qf8+
Kh7 41. Re1 Rxa5 42. Qb4 Rb5 43. Qa3 Qd4 44. Qf3 a5 45. Rd1 Qe5 46. Qa3 b6 0-1

[Event "Hoogeveen Open 2016"]
[Site "Hoogeveen"]
[Date "2016.10.16"]
[Round "2.32"]
[White "Roebers, Jan"]
[Black "Bos, Robin"]
[Result "1/2-1/2"]
[WhiteElo "2151"]
[BlackElo "2025"]
[PlyCount "108"]
[EventDate "2016.??.??"]

1. e4 c5 2. Nf3 Nc6 3. Nc3 Nf6 4. d3 d6 5. h3 g6 6. g3 Bg7 7. Bg2 O-O 8. O-O
Rb8 9. a4 a6 10. Re1 Nd7 11. Ne2 b5 12. axb5 axb5 13. d4 Qb6 14. d5 Nce5 15.
Nxe5 Nxe5 16. Kh2 Ba6 17. f4 Nc4 18. Ra2 Qb7 19. b3 Nb6 20. Bb2 Bxb2 21. Rxb2
b4 22. Ng1 Ra8 23. Qd2 Bb5 24. h4 Ra3 25. h5 Qa7 26. e5 Ra1 27. Rbb1 Rxb1 28.
Rxb1 Qa2 29. Re1 Qb2 30. f5 Kg7 31. h6+ Kg8 32. exd6 exd6 33. fxg6 hxg6 34. Qf4
Nc8 35. Be4 Qe5 36. Qxe5 dxe5 37. Nf3 Re8 38. g4 Bd7 39. g5 Nd6 40. Nd2 Bf5 41.
Kg2 f6 42. Bxf5 gxf5 43. g6 f4 44. Ne4 Nxe4 45. Rxe4 Kh8 46. Re1 Rg8 47. g7+
Kh7 48. Rh1 Rd8 49. Kf3 Rxd5 50. Ke4 Rd8 51. Rg1 Ra8 52. Rg2 Rb8 53. Rg1 Ra8
54. Rg2 Rb8 1/2-1/2

[Event "Hoogeveen Open 2016"]
[Site "Hoogeveen"]
[Date "2016.10.16"]
[Round "2.33"]
[White "Hummel, Joop"]
[Black "De Boer, Bas"]
[Result "1-0"]
[WhiteElo "2007"]
[BlackElo "2149"]
[PlyCount "61"]
[EventDate "2016.??.??"]

1. Nf3 c5 2. e4 e6 3. d3 Nc6 4. g3 Nf6 5. Bg2 Be7 6. O-O d5 7. Nbd2 O-O 8. Re1
b6 9. e5 Nd7 10. Nf1 Bb7 11. c3 d4 12. Bf4 Rc8 13. c4 a6 14. h4 b5 15. b3 Rb8
16. N1h2 bxc4 17. bxc4 Ba8 18. Ng5 Bxg5 19. hxg5 Ne7 20. Qh5 Nf5 21. Bxa8 Rxa8
22. Ng4 Ra7 23. Re4 Rb7 24. Kg2 Re8 25. Rh1 Nf8 26. Nf6+ gxf6 27. gxf6 Rb2 28.
Bh6 Qa5 29. Rg4+ Ng6 30. Bd2 Ne3+ 31. Bxe3 1-0

[Event "Hoogeveen Open"]
[Site "Hoogeveen, Netherlands"]
[Date "2016.10.16"]
[Round "2.34"]
[White "Mellema, Andries"]
[Black "Hilwerda, Jonas"]
[Result "1-0"]
[WhiteElo "2143"]
[BlackElo "2013"]
[PlyCount "43"]
[EventDate "2016.??.??"]

1. b3 e5 2. Bb2 Nc6 3. e3 Nf6 4. Ne2 d5 5. g3 Bd6 6. Bg2 Be6 7. d3 Qd7 8. h3 h5
9. Nd2 g5 10. a3 a5 11. c4 O-O-O 12. Qc2 dxc4 13. dxc4 a4 14. Rd1 axb3 15. Nxb3
Bxc4 16. Nc5 Bxe2 17. Kxe2 Qe8 18. Nxb7 Kxb7 19. Rc1 Bc5 20. Qxc5 Rd6 21. Qb5+
Kc8 22. Bxc6 1-0

[Event "Hoogeveen Open"]
[Site "Hoogeveen, Netherlands"]
[Date "2016.10.16"]
[Round "2.35"]
[White "Wedda, Dries"]
[Black "Sparenberg, Erik"]
[Result "1/2-1/2"]
[WhiteElo "1994"]
[BlackElo "2140"]
[PlyCount "77"]
[EventDate "2016.??.??"]

1. d4 Nf6 2. c4 g6 3. f3 d6 4. e4 c5 5. d5 Bg7 6. Nc3 O-O 7. Nge2 e6 8. Ng3
exd5 9. cxd5 a6 10. a4 Nbd7 11. Be2 Ne8 12. Be3 f5 13. Qd2 Ne5 14. f4 Nf7 15.
exf5 Bxf5 16. O-O Nh6 17. h3 Nf6 18. Bf3 Qd7 19. a5 Rae8 20. Ra4 Re7 21. b4 Nh5
22. Nxh5 gxh5 23. bxc5 Bxc3 24. Qxc3 Qxa4 25. cxd6 Rd7 26. Bxh5 Qc2 27. Qe5 Qe4
28. g4 Nf7 29. Bxf7+ Rdxf7 30. Bd4 Qxe5 31. fxe5 Bc8 32. Rc1 Rf4 33. Rxc8 Rxc8
34. d7 Ra8 35. e6 Re4 36. Bc5 Rd8 37. Be7 Ra8 38. Bd6 Rd8 39. Be7 1/2-1/2

[Event "Hoogeveen Open"]
[Site "Hoogeveen, Netherlands"]
[Date "2016.10.16"]
[Round "2.36"]
[White "Cornelisse, John"]
[Black "Van Dael, Siem"]
[Result "1/2-1/2"]
[WhiteElo "2131"]
[BlackElo "1995"]
[PlyCount "119"]
[EventDate "2016.??.??"]

1. Nf3 Nf6 2. d4 g6 3. c4 Bg7 4. Nc3 O-O 5. e4 d6 6. Be2 e5 7. O-O Nc6 8. d5
Ne7 9. Ne1 Nd7 10. f3 f5 11. g4 Nf6 12. Nd3 c5 13. Be3 a6 14. b4 b6 15. Rb1 Bd7
16. bxc5 bxc5 17. Nxc5 dxc5 18. Bxc5 Rf7 19. Be3 Qa5 20. Bb6 Qxc3 21. Rb3 Ba4
22. Rxc3 Bxd1 23. Rxd1 fxe4 24. Bc5 Rc8 25. Bxe7 Rxe7 26. d6 Rd7 27. c5 Rc6 28.
g5 Nh5 29. Bc4+ Kf8 30. Rb1 Rd8 31. Bd5 Rcc8 32. Bb7 Nf4 33. Kf1 Rb8 34. c6 Nd5
35. Rc5 Rxd6 36. Rxd5 Rxc6 37. Bxc6 Rxb1+ 38. Kf2 Rb2+ 39. Ke3 h6 40. Rd8+ Kf7
41. Bd5+ Ke7 42. Rg8 Bf8 43. Rxg6 exf3 44. Kxf3 Rxh2 45. Re6+ Kd7 46. g6 Rd2
47. Rxe5 Rd3+ 48. Ke4 Rg3 49. Bf7 Rg4+ 50. Kf3 Rg5 51. Re8 Bg7 52. Ra8 a5 53.
Ra7+ Kd6 54. Be8 Bc3 55. Rh7 h5 56. Kf4 Bd2+ 57. Kf3 Bc3 58. Rd7+ Ke6 59. Rc7
Bb2 60. Rh7 1/2-1/2

[Event "Hoogeveen Open"]
[Site "Hoogeveen, Netherlands"]
[Date "2016.10.16"]
[Round "2.37"]
[White "Schut, Han"]
[Black "Bensaid, Simon"]
[Result "1-0"]
[WhiteElo "2128"]
[BlackElo "1983"]
[PlyCount "67"]
[EventDate "2016.??.??"]

1. e4 c5 2. Nf3 Nc6 3. d4 cxd4 4. Nxd4 Nf6 5. Nc3 d6 6. Bg5 Bd7 7. Qd2 Rc8 8.
f3 Nxd4 9. Qxd4 Qa5 10. Bd2 Qc5 11. Qxc5 dxc5 12. e5 Ng8 13. O-O-O g6 14. Bc4
Nh6 15. Bf4 a6 16. Rhe1 Be6 17. Bd5 Rc7 18. Ne4 Bg7 19. Nf6+ Kf8 20. Bxb7 exf6
21. exf6 Rd7 22. Rxd7 Bxd7 23. Bd6+ Kg8 24. fxg7 Kxg7 25. Re7 Kf6 26. Rxd7 Ke6
27. Bc6 Nf5 28. Bc7 Nd4 29. Ba4 Rc8 30. Bg3 h5 31. Rd6+ Ke7 32. Rxa6 g5 33.
Bd6+ Ke6 34. Bxc5+ 1-0

[Event "Hoogeveen Open"]
[Site "Hoogeveen, Netherlands"]
[Date "2016.10.16"]
[Round "2.38"]
[White "Mesman, Edwyn"]
[Black "Kokje, Joris"]
[Result "0-1"]
[WhiteElo "1979"]
[BlackElo "2126"]
[PlyCount "68"]
[EventDate "2016.??.??"]

1. d4 Nf6 2. c4 g6 3. Nf3 Bg7 4. g3 O-O 5. Bg2 d6 6. O-O c5 7. b3 Nc6 8. Bb2 a6
9. d5 Na5 10. Nc3 Bd7 11. Qd3 Rb8 12. e4 b5 13. cxb5 axb5 14. e5 Ng4 15. exd6
exd6 16. Qd2 Re8 17. Rfe1 $11 b4 18. Ne4 Bf5 19. Bxg7 Kxg7 20. Qb2+ Kg8 21.
Nfd2 Bxe4 22. Nxe4 f5 23. h3 fxe4 24. hxg4 Qg5 25. Qe2 Qxd5 26. Bxe4 Qe5 27.
Qd2 Qf6 28. g5 Qf8 29. Bd5+ Kh8 $11 30. Rxe8 Rxe8 31. Re1 h6 32. Rxe8 Qxe8 33.
gxh6 Qe5 34. f4 Qa1+ 0-1

[Event "Hoogeveen Open"]
[Site "Hoogeveen, Netherlands"]
[Date "2016.10.16"]
[Round "2.39"]
[White "Hendriks, Richard"]
[Black "Den Dunnen, Lola"]
[Result "1/2-1/2"]
[WhiteElo "2122"]
[BlackElo "1890"]
[PlyCount "59"]
[EventDate "2016.??.??"]

1. e4 e5 2. Nc3 Nf6 3. a3 a6 4. Nf3 Nc6 5. d4 exd4 6. Nxd4 Bc5 7. Be3 Nxd4 8.
Bxd4 Bxd4 9. Qxd4 O-O 10. e5 Ne8 11. O-O-O d6 12. exd6 Qxd6 13. Qh4 Qf6 14. Qg3
Be6 15. Ne4 Qh6+ 16. Kb1 b5 17. Bd3 f5 18. Nc5 Nd6 19. Nxe6 Qxe6 20. Rhe1 Qg6
21. Qe5 Qf7 22. Qe6 Rae8 23. Qxf7+ Kxf7 24. a4 c5 25. axb5 axb5 26. Rxe8 Rxe8
27. Bf1 Re6 28. c3 c4 29. g3 Ke7 30. Kc2 1/2-1/2

[Event "Hoogeveen Open"]
[Site "Hoogeveen, Netherlands"]
[Date "2016.10.16"]
[Round "2.40"]
[White "Klomp, Robert"]
[Black "Hoffman, Ron"]
[Result "0-1"]
[WhiteElo "2097"]
[BlackElo "2074"]
[PlyCount "58"]
[EventDate "2016.??.??"]

1. c4 g6 2. Nc3 Bg7 3. g3 d6 4. Bg2 Nf6 5. e3 O-O 6. Nge2 e5 7. d4 Nc6 8. O-O
Bf5 9. a3 exd4 10. exd4 Re8 11. h3 Ne4 12. Be3 Nxc3 13. Nxc3 Ne7 14. Qd2 Be6
15. d5 Bd7 16. Bd4 Bxd4 17. Qxd4 Nf5 18. Qf4 Kg7 19. Ne4 Qe7 20. Rfe1 Qe5 21.
Qd2 Qd4 22. Qc2 Kg8 23. Rad1 Qg7 24. g4 Nh4 25. Ng3 f5 26. g5 f4 27. Ne4 Bf5
28. Qd2 Bxe4 29. Bxe4 Rxe4 0-1

[Event "Hoogeveen Open 2016"]
[Site "Hoogeveen"]
[Date "2016.10.17"]
[Round "3.1"]
[White "Beerdsen, Thomas"]
[Black "Gupta, Abhijeet"]
[Result "0-1"]
[BlackElo "2626"]
[WhiteElo "2404"]
[LiveChessVersion "1.4.8"]

1. e4 {[%clk 1:29:57]} c5 {[%clk 1:30:55]} 2. Nf3 {[%clk 1:30:08]} d6
{[%clk 1:31:20]} 3. Bb5+ {[%clk 1:30:26]} Nd7 {[%clk 1:31:45]} 4. O-O
{[%clk 1:30:44]} a6 {[%clk 1:32:09]} 5. Bd3 {[%clk 1:30:54]} Ngf6
{[%clk 1:32:08]} 6. Re1 {[%clk 1:30:58]} e6 {[%clk 1:32:22]} 7. c3
{[%clk 1:27:20]} b5 {[%clk 1:32:27]} 8. a4 {[%clk 1:23:53]} c4 {[%clk 1:31:48]}
9. Bf1 {[%clk 1:20:07]} Rb8 {[%clk 1:21:48]} 10. axb5 {[%clk 1:15:17]} axb5
{[%clk 1:22:14]} 11. b3 {[%clk 1:14:46]} cxb3 {[%clk 1:17:53]} 12. Qxb3
{[%clk 1:14:04]} Bb7 {[%clk 1:15:44]} 13. Bxb5 {[%clk 1:09:54]} Be7
{[%clk 1:15:26]} 14. d3 {[%clk 1:00:04]} O-O {[%clk 1:09:10]} 15. c4
{[%clk 0:56:07]} d5 {[%clk 1:04:07]} 16. cxd5 {[%clk 0:46:10]} exd5
{[%clk 0:59:44]} 17. e5 {[%clk 0:43:14]} Bc6 {[%clk 0:57:19]} 18. Nd4
{[%clk 0:39:16]} Bxb5 {[%clk 0:56:23]} 19. Nxb5 {[%clk 0:34:13]} Nc5
{[%clk 0:49:15]} 20. Qc2 {[%clk 0:30:27]} Rxb5 {[%clk 0:47:12]} 21. exf6
{[%clk 0:28:22]} Bxf6 {[%clk 0:46:35]} 22. Nc3 {[%clk 0:27:40]} Rb8
{[%clk 0:40:27]} 23. Rb1 {[%clk 0:18:21]} Rc8 {[%clk 0:36:51]} 24. Bb2
{[%clk 0:15:36]} Qd7 {[%clk 0:34:51]} 25. Qd1 {[%clk 0:11:15]} Qf5
{[%clk 0:29:34]} 26. Re3 {[%clk 0:10:56]} d4 {[%clk 0:28:16]} 27. Rf3
{[%clk 0:11:18]} Qxf3 {[%clk 0:28:39]} 28. Qxf3 {[%clk 0:06:37]} dxc3
{[%clk 0:29:04]} 29. Ba3 {[%clk 0:06:16]} c2 {[%clk 0:28:09]} 30. Re1
{[%clk 0:03:25]} Nb3 {[%clk 0:25:21]} 31. Qb7 {[%clk 0:02:06]} c1=Q
{[%clk 0:23:07]} 32. Bxc1 {[%clk 0:02:29]} Rxc1 {[%clk 0:23:27]} 33. Rxc1
{[%clk 0:02:55]} Nxc1 {[%clk 0:23:54]} 34. Qb1 {[%clk 0:02:29]} Ne2+
{[%clk 0:22:22]} 35. Kf1 {[%clk 0:02:53]} Nf4 {[%clk 0:22:48]} 36. g3
{[%clk 0:02:59]} Ra8 {[%clk 0:22:49]} 0-1

[Event "Hoogeveen Open 2016"]
[Site "Hoogeveen"]
[Date "2016.10.17"]
[Round "3.2"]
[White "Vereggen, Lars"]
[Black "Lalith Babu M R"]
[Result "0-1"]
[BlackElo "2586"]
[WhiteElo "2380"]
[LiveChessVersion "1.4.8"]

1. d4 {[%clk 1:30:19]} Nf6 {[%clk 1:30:56]} 2. Bg5 {[%clk 1:30:42]} c5
{[%clk 1:30:30]} 3. d5 {[%clk 1:29:44]} Ne4 {[%clk 1:29:25]} 4. Bc1
{[%clk 1:28:56]} e6 {[%clk 1:27:30]} 5. dxe6 {[%clk 1:29:03]} fxe6
{[%clk 1:27:40]} 6. g3 {[%clk 1:29:26]} Be7 {[%clk 1:27:27]} 7. Bg2
{[%clk 1:29:51]} Qa5+ {[%clk 1:27:44]} 8. c3 {[%clk 1:29:34]} d5 {[%clk 1:26:38]}
9. Nd2 {[%clk 1:28:14]} Nf6 {[%clk 1:26:05]} 10. Ngf3 {[%clk 1:28:33]} Nc6
{[%clk 1:26:22]} 11. O-O {[%clk 1:28:57]} Qc7 {[%clk 1:19:52]} 12. Qc2
{[%clk 1:24:06]} Bd7 {[%clk 1:18:43]} 13. e4 {[%clk 1:20:21]} O-O-O
{[%clk 1:15:48]} 14. Ng5 {[%clk 1:19:47]} Rde8 {[%clk 1:15:48]} 15. Bh3
{[%clk 1:18:12]} Nd8 {[%clk 1:13:51]} 16. f4 {[%clk 1:18:08]} h6 {[%clk 1:14:04]}
17. Ngf3 {[%clk 1:18:28]} g5 {[%clk 1:13:20]} 18. e5 {[%clk 1:14:23]} Nh5
{[%clk 1:13:28]} 19. Bg4 {[%clk 1:14:26]} Nxf4 {[%clk 1:09:45]} 20. gxf4
{[%clk 1:08:53]} h5 {[%clk 1:10:03]} 21. Bh3 {[%clk 1:07:09]} g4 {[%clk 1:10:21]}
22. Bg2 {[%clk 1:07:35]} gxf3 {[%clk 1:09:58]} 23. Nxf3 {[%clk 1:06:53]} Nf7
{[%clk 1:09:52]} 24. Be3 {[%clk 1:03:47]} Nh6 {[%clk 1:09:57]} 25. h4
{[%clk 1:02:17]} Ng4 {[%clk 1:09:04]} 26. Rae1 {[%clk 1:01:35]} Bb5
{[%clk 1:09:14]} 27. Rf2 {[%clk 1:01:03]} Nxf2 {[%clk 1:04:51]} 28. Qxf2
{[%clk 1:01:14]} Bd3 {[%clk 1:02:16]} 29. Ng5 {[%clk 1:01:30]} Bf5
{[%clk 1:02:34]} 30. Rc1 {[%clk 0:54:47]} Kb8 {[%clk 1:01:10]} 31. c4
{[%clk 0:50:14]} d4 {[%clk 0:56:30]} 32. Bd2 {[%clk 0:50:39]} Bxg5
{[%clk 0:55:38]} 33. hxg5 {[%clk 0:51:00]} h4 {[%clk 0:56:03]} 34. Kh2
{[%clk 0:51:17]} Rd8 {[%clk 0:54:05]} 35. b4 {[%clk 0:50:30]} Rh7
{[%clk 0:52:40]} 36. b5 {[%clk 0:48:40]} h3 {[%clk 0:47:51]} 37. Bf3
{[%clk 0:48:43]} Qf7 {[%clk 0:47:42]} 38. a4 {[%clk 0:48:46]} Qg6
{[%clk 0:47:48]} 39. a5 {[%clk 0:44:44]} Be4 {[%clk 0:48:05]} 40. Bg4
{[%clk 0:44:10]} Rdh8 {[%clk 0:47:54]} 41. b6 {[%clk 0:42:51]} Rh4
{[%clk 0:47:53]} 42. Be2 {[%clk 0:42:06]} Bc6 {[%clk 0:47:05]} 43. Rg1
{[%clk 0:36:55]} Qc2 {[%clk 0:44:40]} 44. Bf1 {[%clk 0:35:02]} Rf8
{[%clk 0:44:41]} 0-1

[Event "Hoogeveen Open 2016"]
[Site "Hoogeveen"]
[Date "2016.10.17"]
[Round "3.3"]
[White "Werle, Jan"]
[Black "Harsha Bharathakoti"]
[Result "1-0"]
[BlackElo "2363"]
[WhiteElo "2555"]
[LiveChessVersion "1.4.8"]

1. d4 {[%clk 1:30:58]} d5 {[%clk 1:30:45]} 2. c4 {[%clk 1:31:16]} c6
{[%clk 1:31:11]} 3. Nf3 {[%clk 1:31:41]} Nf6 {[%clk 1:31:37]} 4. e3
{[%clk 1:32:05]} Bg4 {[%clk 1:31:24]} 5. h3 {[%clk 1:32:14]} Bh5 {[%clk 1:31:47]}
6. g4 {[%clk 1:31:34]} Bg6 {[%clk 1:32:09]} 7. Ne5 {[%clk 1:31:59]} Nbd7
{[%clk 1:30:38]} 8. Nxg6 {[%clk 1:30:56]} hxg6 {[%clk 1:31:01]} 9. Qb3
{[%clk 1:23:53]} Qb6 {[%clk 1:26:55]} 10. g5 {[%clk 1:19:57]} Ne4
{[%clk 1:14:13]} 11. cxd5 {[%clk 1:18:52]} Qxb3 {[%clk 1:09:15]} 12. axb3
{[%clk 1:18:32]} cxd5 {[%clk 1:09:39]} 13. Nc3 {[%clk 1:18:47]} e6
{[%clk 1:08:11]} 14. Nxe4 {[%clk 1:15:24]} dxe4 {[%clk 1:08:35]} 15. Bg2
{[%clk 1:13:01]} Bb4+ {[%clk 1:06:19]} 16. Bd2 {[%clk 1:11:23]} Bxd2+
{[%clk 1:06:17]} 17. Kxd2 {[%clk 1:11:48]} f5 {[%clk 0:59:48]} 18. gxf6
{[%clk 1:11:09]} Nxf6 {[%clk 0:57:10]} 19. f3 {[%clk 0:48:45]} Rh4
{[%clk 0:55:41]} 20. Ra5 {[%clk 0:43:52]} Kf7 {[%clk 0:36:17]} 21. Rc5
{[%clk 0:28:30]} Re8 {[%clk 0:26:17]} 22. f4 {[%clk 0:25:57]} Rh5
{[%clk 0:24:10]} 23. Rhc1 {[%clk 0:18:44]} Rd5 {[%clk 0:22:55]} 24. Bf1
{[%clk 0:14:45]} b6 {[%clk 0:16:53]} 25. Rc7+ {[%clk 0:15:04]} Re7
{[%clk 0:17:19]} 26. Rxe7+ {[%clk 0:10:38]} Kxe7 {[%clk 0:17:41]} 27. b4
{[%clk 0:10:51]} Kd7 {[%clk 0:06:11]} 28. b5 {[%clk 0:09:18]} g5 {[%clk 0:06:36]}
29. Bc4 {[%clk 0:06:31]} Rf5 {[%clk 0:06:51]} 30. fxg5 {[%clk 0:06:19]} Rxg5
{[%clk 0:07:15]} 31. Ra1 {[%clk 0:06:32]} Rg2+ {[%clk 0:06:43]} 32. Be2
{[%clk 0:04:47]} Kd6 {[%clk 0:05:30]} 33. Rxa7 {[%clk 0:04:52]} Nd5
{[%clk 0:02:36]} 34. h4 {[%clk 0:03:35]} Rg3 {[%clk 0:02:23]} 35. Rb7
{[%clk 0:03:23]} Rxe3 {[%clk 0:01:06]} 36. Rxb6+ {[%clk 0:02:50]} Ke7
{[%clk 0:01:33]} 37. Rb7+ {[%clk 0:02:08]} Kf6 {[%clk 0:00:34]} 38. Rb8
{[%clk 0:02:12]} Rb3 {[%clk 0:00:46]} 39. Kc2 {[%clk 0:02:06]} Rb4
{[%clk 0:01:05]} 40. b3 {[%clk 0:01:05]} Nf4 {[%clk 0:00:33]} 41. Rf8+
{[%clk 0:01:01]} 1-0